Movies Quiz

Random Movies or Actor Quiz

2018 Oscar-Nominated Actors and Actresses Quiz Stats

 Plays Quiz Updated Mar 3, 2018

Score 0/20 Timer 05:00
2 Plays Today
% Correct
Meryl Streep
92.9%
Denzel Washington
86.9%
Woody Harrelson
84.4%
Daniel Day-Lewis
82.5%
Gary Oldman
80.3%
Margot Robbie
79%
Willem Dafoe
74.3%
Frances McDormand
72.6%
Saoirse Ronan
70.3%
Octavia Spencer
63.3%
% Correct
Sam Rockwell
61.4%
Allison Janney
60%
Christopher Plummer
59.3%
Timothée Chalamet
56.9%
Sally Hawkins
51.5%
Daniel Kaluuya
47.9%
Laurie Metcalf
42.8%
Mary J. Blige
41.7%
Richard Jenkins
34.4%
Lesley Manville
21.8%

You're not logged in!

Compare scores with friends on all Sporcle quizzes.
OR
Log In

Sporcle TV

Today on Sporcle TV


Watch our educational content, quiz creation guides, and fun videos on Sporcle TV.

Show Comments

Extras

Top Quizzes Today


Score Distribution

Your Account Isn't Verified!

In order to create a playlist on Sporcle, you need to verify the email address you used during registration. Go to your Sporcle Settings to finish the process.

Report this User

Report this user for behavior that violates our Community Guidelines.

Details: